No Encuentro Palabras - Abraham Mateo, Manuel Turizo - Estadísticas

Estadísticas generales
  • Esta prueba ha sido intentada 24 veces
  • La puntuación promedio es 231 de 370
Estadísticas de respuestas
Letra % Correcto
de
100%
De
100%
decir
100%
en
100%
encuentro
100%
es
100%
La
100%
la
100%
lo
100%
no
100%
No
100%
pa
100%
palabras
100%
se
100%
te
100%
Te
100%
a
67%
Cómo
67%
con
67%
contigo
67%
corazón
67%
da
67%
desde
67%
días
67%
dije
67%
dijeron
67%
El
67%
el
67%
Ellos
67%
está
67%
Esta
67%
este
67%
hay
67%
las
67%
le
67%
les
67%
ma
67%
malo
67%
más
67%
me
67%
mente
67%
mi
67%
na
67%
nada
67%
poder
67%
por
67%
puedo
67%
que
67%
Que
67%
quita
67%
ropa
67%
si
67%
Si
67%
siento
67%
son
67%
ti
67%
to
67%
67%
tu
67%
una
67%
va
67%
vi
67%
vida
67%
voy
67%
Y
67%
y
67%
ya
67%
Ya
67%
yo
67%
Yo
67%
ahora
33%
algo
33%
amigos
33%
arena
33%
aún
33%
bailabas
33%
boquita
33%
buscar
33%
Cartagena
33%
conocí
33%
contado
33%
correcto
33%
corriendo
33%
creo
33%
cuento
33%
dan
33%
dar
33%
decirle
33%
dentro
33%
Detrás
33%
difícil
33%
dudar
33%
enamoré
33%
fiesta
33%
hablar
33%
Hace
33%
hace
33%
hacer
33%
Hasta
33%
he
33%
hiciera
33%
lento
33%
ligera
33%
Mami
33%
matando
33%
miedo
33%
Mis
33%
mis
33%
mismas
33%
momento
33%
muero
33%
muy
33%
negar
33%
Noche
33%
noches
33%
nuestro
33%
nunca
33%
ocultando
33%
olvide?
33%
pare
33%
playa
33%
podré
33%
primera
33%
quieren
33%
quieres
33%
recuerdo
33%
sacar
33%
sentimiento
33%
sigo
33%
sobre
33%
Solo
33%
termine?
33%
tiene
33%
traigo
33%
vivir
33%
vuelvo
33%
Vuelvo
33%
destino
0%
dime
0%
eliges
0%
Estábamos
0%
fantasía
0%
gusta
0%
importa
0%
llevo
0%
terminar
0%
tete?
0%
viajar
0%
vivo
0%
No se encontraron pruebas coincidentes
Distribución de puntuación
Porcentaje de gente con cada puntuación
Porcentaje por número respondido
Historial de tus puntuaciones
No has intentado esta prueba.